Manual Mosby de cuidados básicos de enfermeria (Registro nro. 6127)
[ vista simple ]
| 000 -Cabecera (24) | |
|---|---|
| Campo de control interno | 01085nam a22002774a 4500 |
| 001 - Número de control | |
| Campo de control | PE-BaUNAB |
| 005 - Fecha y hora de la | |
| Campo de control | 20260703204427.0 |
| 006 - ELEMENTOS DE DATOS DE LONGITUD FIJA - CARACTERÍSTICAS ADICIONALES DEL MATERIAL - INFORMACIÓN GENERAL | |
| Campo de control de longitud fija | a||||gr|||| 001 0 |
| 007 - Tipo material - Descripcion fisica - info general | |
| Tipo material | ta |
| 008 - Códigos de longitud fija (40p) | |
| Campo de control de longitud fija | t pe gr 00| 0 spa d |
| 017 ## - Depósito legal | |
| Depósito legal | B.903-2020 |
| 020 ## - INTERNATIONAL STANDARD BOOK NUMBER | |
| ISBN | 9788491135722 |
| 040 ## - Origen de la Catalogacion | |
| Origen de la Catalogacion | PE-BaUNAB |
| 041 ## - Código de idioma | |
| Código de lengua del texto/banda sonora o título independiente (R) | spa |
| 043 ## - Pais ISO | |
| País ISO | per |
| 082 ## - Número de clasificación | |
| Clasificación | 23 610.73069 |
| 100 ## - Autor personal | |
| Autor personal | Sheila A. Sorrentino |
| Rol de la persona | Autor |
| 9 (RLIN) | 13879 |
| 245 ## - Titulo | |
| Titulo | Manual Mosby de cuidados básicos de enfermeria |
| 260 ## - Pie de imprenta | |
| Ciudad | Barcelona, España : |
| Nombre de la editorial | Elsevier, |
| Año | 2020 |
| 300 ## - Descripción física | |
| Extensión | 518 p |
| Dimensiones | 27.5 cm |
| 505 ## - Nota de contenido | |
| Nota de contenido | Nuevo contenido. Capitulo 2: Los derechos de la persona, Capitulo 3: El tecnico en cuidados auxiliares de enfermería, Capitulo 4: Ética y leyes, Capitulo 5: Estudiantes y ética en el trabajo, Capitulo 6: Comunicación con el equipo de salud, Capitulo 10. Necesidades en seguridad, Capitulo 11. Prevención de caídas.. |
| 650 #0 - Temas - Descriptores | |
| Temas - Descriptores | Autocuidado en salud |
| 9 (RLIN) | 5669 |
| 650 #0 - Temas - Descriptores | |
| Temas - Descriptores | Cuidados de enfermería |
| 9 (RLIN) | 5652 |
| 700 ## - Asiento secundario - Autor personal | |
| Autor Personal | Leighann N. Remmert |
| 9 (RLIN) | 13880 |
| 942 ## - Datos personalizados Koha | |
| Fuente de clasificación | Dewey Decimal Classification |
| Tipo de Documento | Libros |
| Fecha procesamiento | 2026-07-03 |
| Catalogador | LRM |
| Fuente de Clasificacion | Colección | Ubicacion permanente | Ubicacion actual | Fecha de adquisicion a la Biblioteca | Prestamos | Signatura | Código de barras | Ultima fecha de verificacion | Tipo de ítem | Ejemplar |
|---|---|---|---|---|---|---|---|---|---|---|
| Dewey Decimal Classification | Enfermeria | UNAB | UNAB | 07/03/2026 | 23 610.73069 S714m | 01L000008457 | 07/03/2026 | Libros | ||
| Dewey Decimal Classification | Enfermeria | UNAB | UNAB | 07/03/2026 | 23 610.73069 S714m | 01L000008458 | 07/03/2026 | Libros | ej.2 | |
| Dewey Decimal Classification | Enfermeria | UNAB | UNAB | 07/03/2026 | 23 610.73069 S714m | 01L000008459 | 07/03/2026 | Libros | ej.3 |
